1209 1065 1071 1552 1422 1653 1920 1102 1020 1330 1011 1625 1836 1135 1362 1920 1053 1805 1396 1142 1796 1134 1567 1650 1006 1067 1256 1608 1572 1026 1858 1506 1931 1035 1667 1145 1974 1177 1517 1128 1807 1541 1889 1156 1892 1394 1129 1660 1211 1387 1874 1340 1812 1389 1345 1851 1714 1216 1539 1062 1556 1179 1356 1745 1535 1445 1664 1257 1304 1804 1163 1802 1045 1478 1390 1015 1997 1632 1034 1920 1509 1980 1150 1648 1882 1104 1104 1921 1924 1735 1940 1261 1946 1288 1269 1550 1573 1951 1766 BCNSPRNW ULIB Ver.6.0+V

เปลี่ยนเป็นภาษาไทย

Change to English
 แสดงรายละเอียดบรรณานุกรม
  กลับหน้าหลัก

Brief Record : Get Marc (ISO 2709) : E-mail record : QR code < ปิดหน้าต่าง
LEADER : 00000nam 2200000uu 4500
001    13399127705
003     ULIB
008    210420s2563||||th 000 0 tha d
060 04 ^aWA590^bก218
245 00 ^aกระบวนการเรียนรู้ที่สร้างความรอบรู้ด้านสุขภาพ =^bHealth literacy /^cศูนย์เรียนรู้สุขภาวะ สำนักงานกองทุนสนับสนุนการสร้างเสริมสุขภาพ (สสส.)
246 31 ^aHealth literacy
260    ^aกรุงเทพฯ :^bศูนย์เรียนรู้สุขภาวะสำนักงานกองทุนสนับสนุนการสร้างเสริมสุขภาพ (สสส.),^c2563
300    ^a95 หน้า :^bภาพประกอบ ;^c25 ซม.
505 0  ^aความรอบรู้ด้านสุขภาพ -- การสร้างเสริมความรอบรู้ด้านสุขภาพ --ผลการศึกษาข้อมูลจากแหล่งข้อมูลบุคคล -- ข้อเสนอแนะ
650  4 ^aการสื่อสารทางการแพทย์
650  4 ^aการส่งเสริมสุขภาพ
650  4 ^aพฤติกรรมสุขภาพ
650  4 ^aสุขภาพ^vรวมเรื่อง
710 2  ^aสำนักงานกองทุนสนับสนุนการสร้างเสริมสุขภาพ.^bศูนย์เรียนรู้สุขภาวะ
945    ^p0^l0^i008030
999    ^aประนอม เกษจรัล
รายการนี้ยังไม่มีแท็ก
คุณยังไม่ได้ล็อกอิน คุณสามารถมีกิจกรรมร่วมกับเว็บไซต์ได้ แต่ต้องล็อกอินก่อน ::
  ล็อกอิน

รายการสื่อสารสนเทศ

ลำดับที่ ประเภท เลขเรียก/บาร์โค้ด สถานที่ สถานะ
1. วิทยาศาสตร์การแพทย์ และสุขภาพ
วิทยาศาสตร์การแพทย์ และสุขภาพ
WA590 ก218 ฉ.1 
  Barcode: 008030
ห้องสมุดวิทยาเขตสวรรค์ประชารักษ์
►หนังสือทั่วไป
บนชั้น

รายการใกล้เคียง
    หัวเรื่อง [การสื่อสารทางการแพทย์]
    หัวเรื่อง [การส่งเสริมสุขภาพ]
    หัวเรื่อง [พฤติกรรมสุขภาพ]
    หัวเรื่อง [สุขภาพ รวมเรื่อง]

BibComment


ยังไม่เคยถูกคอมเมนท์

คอมเมนท์ทรัพยากรรายการนี้
  คอมเมนท์: กระบวนการเรียนรู..


 Copyright 2026. Bcnsprnw @Library